000 01058nam a2200325 c 4500
999 _c25467
_d25467
003 BLK
005 20220225164324.0
008 180413b bul|||||r ||||||| ||bul||
010 _aKNG00028005000
020 _a954-8560-41-0
040 _aBLK
041 _aBUL
_cBUL
072 7 _2bullib
_aЯ
_xАвтографи
072 7 _2bullib
_aРА
_xРусенски автори
080 _aБългарска литература
_b821.163.2
_x-1
_z821.163.2-1
100 1 _aПенев, Пламен
_eпърви автор
_9268203
139 _aПенев, Пламен
_bП 34
245 1 0 _aИмператорът и северният вятър
_cПламен Пенев.
257 _aBGR
260 _bПарнас
_c1999
300 _a36 с.
_bс ил.
_c22 см
380 _aX
659 _aК
659 _aЯ
852 _aЦб 202226
852 _aК 821.163.2/П 34 П
856 4 _qpdf
_u
856 4 _qpdf
_u
942 _cKNG
_n0
_s1
944 _aCR
_c15.01.2003
_kВаля_Йорданова
944 _aED
_c21.11.2014
_kРенета_Константинова
999 _d25467